Statistics for Makes of phone

Click here to take the quiz!

General Stats

  • This quiz has been taken 40 times
  • The average score is 5 of 7

Answer Stats

Hint Answer % Correct
GalaxySamsung
100%
5siPhone
90%
LumiaNokia
84%
XperiaSony
77%
oneHTC
71%
G3LG
52%
FruitBlackberry
45%

Score Distribution

Percentile by Number Answered

Percent of People with Each Score

Your Score History

You have not taken this quiz